000 00453nam a2200181Ia 4500
005 20231017093740.0
008 131103s9999 xx 000 0 und d
040 _aLoreto College
041 _aEnglish
082 _aF
_bSHE
100 _aSheldon,Sidney
245 _aTell Me Your Dreams
_cSidney Sheldon
260 _aLondon
_bHarperCollins Publishers
_c1998
300 _a346 p.
650 _aFiction in English
850 _aLCLIB
942 _cBK
999 _c17410
_d67889